000 00489nam a2200181Ia 4500
003 GCL
008 140319s9999 xx 000 0 eng d
040 _aGCL /
_cGCL
082 0 4 _a780
_bM P
100 1 _aMICHAL, SALLY
245 1 0 _aPAINTING ANIMALS IN WATERCOLOUR /
_cMICHAL, SALLY
260 _a[S.N] :
_bSEARCH PRESS LTD ،
_c1989
300 _a126
650 0 4 _aPAINTING - ILLUSTRATION
650 0 4 _aANIMALS PAINTING AND ITTUSTRATION
650 0 4 _aARTS DRAWING
942 _2ddc
_cBK
999 _c17385
_d17385